| 000 | 00580nam a2200181 a 4500 | ||
|---|---|---|---|
| 005 | 20140412111301.0 | ||
| 008 | 001113s19uu xx 00 eng d | ||
| 020 | _a1-56107-647-3 | ||
| 050 |
_aTR(GS 513.146 _bCOO771 1995 |
||
| 100 | _aCook, Marcy | ||
| 245 |
_aArithmetornos D : _bEcuaciones / _cMAry Cook. |
||
| 260 |
_aMountain View, CA : _bCreative Pub, _c1995. |
||
| 300 | _aill. ; 24 (pt.1) ; 24 (pt.2) | ||
| 440 | _aMathland | ||
| 650 |
_aArithmetic -- Problems, exercises, etc. _xStudy and teaching |
||
| 650 | _aSpanish language -- Reading materials | ||
| 999 |
_c103378 _d103378 |
||